| 000 | 00667nam a2200181Ia 4500 | ||
|---|---|---|---|
| 003 | OSt | ||
| 005 | 20260508154039.0 | ||
| 008 | 210210b1909 xxu||||| |||| 00| 0 eng d | ||
| 040 | _cAL | ||
| 082 | _a305.56K ARAK | ||
| 100 |
_aARAVINDA MALAGATTI mattu ODEYARA D HEGGADE _9128742 _dಅರವಿಂದ ಮಾಲಗತ್ತಿ ಮತ್ತು ಒಡೆಯರ ಡಿ. ಹೆಗ್ಗಡೆ |
||
| 245 |
_aKoraga jananga: vishleshanathmaka adhyaya _bಕೊರಗ ಜನಾಂಗ :ವಿಶ್ಲೇಷಣಾತ್ಮಕ ಅಧ್ಯಾಯ |
||
| 260 |
_bNot Mentioned _c1909 |
||
| 300 | _a78 | ||
| 690 |
_aSocial Structure _9128743 |
||
| 906 | _a046567 | ||
| 942 |
_2ddc _cBK |
||
| 999 |
_c96061 _d96061 |
||